00387 2200157 4500001002100000005001500021035002000036245004600056100001400102300001200116260004500128082000800173084001400181020002200195990001200217INLIS00000000000168420250429012500 a0010-04250001001 aPsikologi Olahraga /cDr. Komarudin, M.Pd0 aKomarudin a162 hlm aBandung :bPT. Remaja Rosda Karya,c2022 a700 a700 KO p a978-979-692-147-8 a0754659